MDQL
is popping MORE tags! Check the
thread
!
Quizzes
Events
Quiz Creation
Community
Videos
Private Events
Remove Ads
Sign In
Join for FREE
Feedback
Dark Mode
Quiz Categories
Sports
Geography
Music
Movies
Television
Just For Fun
Miscellaneous
History
Literature
Language
Science
Gaming
Entertainment
Religion
Holiday
For Kids
Quiz Lab
Recent
Popular Today
Quiz Kudos Today
Editor Picks
Curator Picks
Quizzes by...
Day
Popularity
Type
Ratings
Length
Year
Community
Subscriptions
Recent Discussions
Orange Saloon
Badges
Playlists
Quests
Create
Leaderboards
Showdown
Live 5
Trivia Bingo
Activity
Puzzle Library
Sporcle Events
Private Events
Virtual Trivia
Globe League
Become a Host
Pub Owners
SporcleCon
Opinionation
Our Games
Videos
Blog
Mobile Apps
Partnerships
Remove Ads and Go Orange
Feedback
Sports
Athletes
MLB
NBA
NHL
NFL
Soccer
Sports Teams
WWE
NCAA
Football
Premier League
Basketball
Baseball
Hockey
Golf
Tennis
Cricket
Rugby
Auto Racing
Olympics
World Cup
Sports
Athletes
MLB
NBA
NHL
NFL
Soccer
Sports Teams
WWE
NCAA
Football
Premier League
Basketball
Baseball
Hockey
Golf
Tennis
Cricket
Rugby
Auto Racing
Olympics
World Cup
Random Quiz
Search Sporcle
×
Quiz Lab
Quiz Lab
Sports
Buffalo Sabres
Type in answers that appear in a list
Type in answers that appear in a list
Classic
Best Score? Go Orange.
Career Goal Scoring Leaders Stats
Can you name the top 20 goal scorers for the Buffalo Sabres ?
By
SHC
7m
20 Questions
332 Plays
332 Plays
332 Plays
Comments
Comments
Give Quiz Kudos
Give Quiz Kudos
-
- Ratings
hide this ad
Replay
Link that replays current quiz
Next Quiz
Link to next quiz in quiz playlist
You Got
0%
They Got
Avg Score
58%
Avg Friend Score
Upgrade to see
Score Distribution
Jump to the score distribution portion of the page
Score
0/20
Timer
07:00
0
Plays Today
Years
Player
% Correct
2005-
Present
Thomas Vanek
95.1%
1971-
1981
Richard Martin
88.3%
1989-
1995
Alexander Mogilny
88%
1991-
1997
Pat LaFontaine
88%
1970-
1987
Gilbert Perreault
87.7%
1971-
1979
Rene Robert
83.7%
2003-
2013
Jason Pominville
80.3%
2003-
2012
Derek Roy
80.3%
1974-
1982
Daniel Gare
76.8%
1996-
2004
Miroslav Satan
76.8%
Years
Player
% Correct
1982-
2001
Dave Andreychuk
74.1%
1982-
1990
Philip Housley
62.3%
2002-
2013
Jochen Hecht
55.7%
1971-
1981
Don Luce
54.2%
1981-
1991
Michael Foligno
53%
1999-
2009
Maxim Afinogenov
51.5%
1971-
1985
Craig Ramsay
51.2%
1989-
2001
Donald Audette
41.3%
1971-
1978
Jim Lorentz
29.8%
1977-
1986
Richard Seiling
28.6%
Quiz Playlist
Details
Report
Send in Message
Add To Playlist
Classic:
Type in answers that appear in a list
Last Updated: Feb 16, 2017
Quiz Scoreboard
CHALLENGE
Sign Up to Join the Scoreboard
Show All
Scores
Hide
Comments
May contain spoilers
Recently Published
1-10 Letter E Words III
by El_Dandy
Language
2m
Street Fighter Characters
by Artimus82
Gaming
60s
College Basketball Coaching Resumes
by pancakes188
Sports
9m
More to Explore
Quiz From the Vault
Featured Blog Post
Where Did the Easter Bunny Come From?
hide this ad
You Might Also Like...
Tags
buffalo
Buffalo Sabres
Career
goal
Player
Scorer
Scoring
Today's Top Quizzes in Sports
Browse Sports
hide this ad
Today's Top Quizzes in Buffalo Sabres
Browse Buffalo Sabres
Top Contributed Quizzes in Sports
1
2022 World Cup Stars
2
Les meilleurs buteurs des matchs entre le PSG et l’OM
3
FIFA Club World Cup Champions
4
Les entraîneurs de l'OM et du PSG au 21e siècle
5
Criteria MLB: Left Handed Sluggers
6
2023 MLB Unique Player Accomplishments
7
AFC Teams Reveal (Wrong Answers Minefield)
8
Players with Multiple 50 Home Run Seasons
9
5-to-1: FBS Animal Nicknames
10
5-to-1: UK Sports Teams
Explore More
Trending Topics
Marvel
Crossword
Kpop
Anime
Harry Potter
NBA
Disney
Puzzle
NFL
Soccer
Country
Pokémon
The Office
WWE
Song
hide this ad
More By:
SHC
Quiz
Plays
Rating
Category
Featured
Created
Buffalo Sabres captains
885
5.00
Sports
Jul 13, 2013
Sabres playoff scorers under Ruff
733
5.00
Sports
Jan 22, 2013
Sabres players
730
1.00
Sports
Aug 4, 2016
Sabres game winners
397
Sports
Jul 24, 2013
Career Goal Scoring Leaders
332
4.00
Sports
Feb 23, 2010
Go to Creator's Profile
Score Distribution
Quiz Creator Spotlight
SHC
Follow
Send a Message
Quizzes Created
-
Created Quiz Play Count
-
More By This Creator
Popular Quizzes Today
1
Find the US States - No Outlines Minefield
2
Find the Countries of Europe - No Outlines Minefield
3
Find the US States
4
The Countries of the World
5
Risky Map Clicking: Biggest States A-Z
6
US States
7
Popular People in 1961
8
Movies - When Are They Set?
More Sports Quizzes
NHL 1 Team Career and 1000 Points (end of 2023 Season)
Editor's Pick
Trending Quizzes
Risky Map Clicking: Least Populous States A-Z
1-10 Letter G Words
Countries of the World: 200 Million BC
1-10 Letter F Words
Risky Map Clicking: Next State Alphabetically
Recently Updated
Largest US Cities 1790-2010
pecheneg
Rides in Walt Disney World
pecheneg
Most Oscar Losses (Acting)
pecheneg
Beyoncé Albums
pecheneg
Leaping Animals
pecheneg
Reality TV Shows (A-Z)
bhenderson79
Rickey Henderson's Hall of Fame Teammates
pecheneg
Champions League XIs: Arsenal
pecheneg
Quick Pick: Celebrities in WWE's Hall of Fame
aduchscher
A-Z Keypad Blitz II
pecheneg
Trending Topics
Harry Potter
NBA
Marvel
Disney
Anime
Crossword
Kpop
Pokémon
WWE
Country
The Office
Puzzle
Song
NFL
Soccer
Your Account Isn't Verified!
In order to create a playlist on Sporcle, you need to verify the email address you used during registration. Go to your
Sporcle Settings
to finish the process.
Report this User
Report this user for behavior that violates our
Community Guidelines
.
Details:
Send Report
Go to the Sporcle.com Mobile Site →
Comments